Sports Quiz

Random Sports or Clickable Quiz

MLB World Series Minefield (2000s) Quiz Stats

 Plays Quiz Updated Oct 23, 2017

Score 0/19 Timer 02:00
39 Plays Today
% Correct
???
75.3%
???
73.6%
???
70.4%
???
70%
???
67.7%
???
63.4%
???
62.8%
???
62.6%
???
61.9%
???
59.7%
% Correct
???
58.5%
???
56.5%
???
51.6%
???
49.3%
???
46%
???
33.6%
???
20.8%
???
19.6%
???
17.4%

You're not logged in!

Compare scores with friends on all Sporcle quizzes.
OR
Log In

Show Comments

Extras

Top Quizzes Today


Score Distribution

Your Account Isn't Verified!

In order to create a playlist on Sporcle, you need to verify the email address you used during registration. Go to your Sporcle Settings to finish the process.

Report this User

Report this user for behavior that violates our Community Guidelines.

Details: